| 000 | 00898nam a22002177a 4500 | ||
|---|---|---|---|
| 999 |
_c16836 _d16836 |
||
| 003 | AR-CdUCM | ||
| 008 | 190506b ||||| |||| 00| 0 spa d | ||
| 040 |
_aMUNICIPALIDAD PROVINCIAL DEL CUSCO _cBIBLIOTECA MUNICIPAL DEL CUSCO |
||
| 082 |
_a344.41 / _bP39 |
||
| 100 |
_aPella, Vespasiano V. _936530 |
||
| 245 | _aLa criminalidad colectiva de los estados y el derecho penal del porvenir / | ||
| 260 |
_aMadrid : _bImprenta de J. Pueyo, _c1931. |
||
| 300 |
_a591 paginas ; _c20 cm. |
||
| 505 | _aContenido : Criminalidad colectiva de los estados -- La política criminal internacional -- La solución represiva -- El derecho penal internacional del porvenir... | ||
| 650 |
_aPolítica internacional _91555 |
||
| 650 |
_aSolución preventiva _936531 |
||
| 650 |
_aLegislación futura _936532 |
||
| 700 |
_aMallo, Jeronimo (Traducción) _936533 |
||
| 942 |
_2ddc _cLIBROS |
||
| 945 |
_awnts _d2019-05-6 |
||